000 00519nam a2200181Ia 4500
008 090124s9999 xx 000 0 und d
082 _b21281
100 _aभावे पु. भा.
245 _a सात मजली
250 _a2
260 _bकुलकर्णी ग्रंथागार
_c1977
300 _a152
600 _aभावे पु. भा.
630 _a सात मजली
700 _aभावे पु. भा.
730 _a सात मजली
942 _cBOOK
999 _c91246
_d91246